Solution of Problems in Mechanics of Machines: General Dynamics in One , Two and Three Dimentions (Record no. 1168)

000 -LEADER
fixed length control field 00470nam a22001457a 4500
008 - FIXED-LENGTH DATA ELEMENTS--GENERAL INFORMATION
fixed length control field 200110b ||||| |||| 00| 0 eng d
082 00 - DEWEY DECIMAL CLASSIFICATION NUMBER
Classification number 621.811076
Item number A6371
100 ## - MAIN ENTRY--PERSONAL NAME
9 (RLIN) 752
Personal name Anvoner, S.
245 10 - TITLE STATEMENT
Title Solution of Problems in Mechanics of Machines: General Dynamics in One , Two and Three Dimentions
260 ## - PUBLICATION, DISTRIBUTION, ETC. (IMPRINT)
Place of publication, distribution, etc London
Name of publisher, distributor, etc Pitman Publishing
Date of publication, distribution, etc 1970
300 ## - PHYSICAL DESCRIPTION
Extent vii, 525 p.
490 0# - SERIES STATEMENT
Series statement Metric Edition
Volume number/sequential designation Vol I
650 #0 - SUBJECT ADDED ENTRY--TOPICAL TERM
Topical term or geographic name as entry element Machinery--Dynamics
942 ## - ADDED ENTRY ELEMENTS (KOHA)
Item type Books
Holdings
Withdrawn status Lost status Source of classification or shelving scheme Damaged status Not for loan Permanent location Current location Date acquired Full call number Barcode Date last seen Koha item type
          IMU Kolkata IMU Kolkata 1974-06-21 621.811076 A6371 04107 2020-01-10 Books
          IMU Kolkata IMU Kolkata 1974-06-21 621.811076 A6371 04108 2020-01-10 Books
          IMU Kolkata IMU Kolkata 1974-06-21 621.811076 A6371 04109 2020-01-10 Books
Designed and Maintained by IMU-KC Library, Kolkata Campus © Copyright All Rights Reserved

webs counters

Powered by Koha